00965cam a22002054a 450000100100000000500170001000800410002704000250006824500980009324600330019126000990022430000280032350000320035150001170038350400190050054600340051971000830055395201060063699900170074200001463420200929163858.0061107q2003 cu 000 0 spa  aDO-SdBNPbspacBNPHU00aPatrimonio cultural subacuatico :bAmerica Latina y el Caribe = Underwater cultural heritage.10aUnderwater cultural heritage aLa Habana, Cuba :bOficina Regional de Cultura para América y el Caribe de la UNESCO,c2003. a140 p. :bil. ;c30 cm. aTexto a dos y tres columnas aPublicación para promover la convención de la UNESCO para protección del patrimonio cultural subacuático aBibliografía aTexts in español y inglés1 aUnesco.bOficina Regional de Cultura para América Latina y el Caribe.933159 0010507-18MOaGRbGRcOId2010-01-15iLF1l0o p14634-10r2020-06-25w2020-06-25y1ZNo se presta c14218d14218